The Metapolis Dictionary of Advanced Architecture : city, technology and society in the information age
Gespeichert in:
| Hauptverfasser: | , , , , , |
|---|---|
| Format: | Buch |
| Sprache: | Englisch |
| Veröffentlicht: |
Barcelona :
Actar,
2008
|
| Schlagworte: | |
| Tags: |
Keine Tags, Fügen Sie das erste Tag hinzu!
|
MARC
| LEADER | 00000nam a22000003a 4500 | ||
|---|---|---|---|
| 001 | stu166214 | ||
| 005 | 20170228085340.3 | ||
| 008 | 080702s2008------------------------eng-d | ||
| 020 | |a 84-95951-22-3 | ||
| 040 | |a STU |b slo | ||
| 041 | 0 | |a eng | |
| 100 | 1 | |a Gausa, Manuel |4 aut |r Z6 | |
| 245 | |a The Metapolis Dictionary of Advanced Architecture : |b city, technology and society in the information age | ||
| 260 | |a Barcelona : |b Actar, |c 2008 | ||
| 300 | |a 688 s | ||
| 650 | 0 | 7 | |a terminológia architektúry |
| 650 | 0 | 7 | |a teória architektúry |
| 650 | 0 | 7 | |a výkladový slovník |
| 700 | 1 | |a Guallart, Vincente |r Z6 |4 aut | |
| 700 | 1 | |a Müller, Willy |r Z6 |4 aut | |
| 700 | 1 | |a Soriano, Federico |r Z6 |4 aut | |
| 700 | 1 | |a Porras, Fernando |r Z6 |4 aut | |
| 700 | 1 | |a Morales, José |r Z6 |4 aut | |
| 996 | |b 284AU04150 |c A*6170/U |l AAKNAR |s A |a 24 |w stu166214_0001 | ||
| 996 | |b 284AU04987 |c A*7705/U |l AAKNST |s P |a 0 |w stu166214_0002 | ||
| 996 | |b 284AU03979 |c A*5906 |l AA6160 |s P |a 0 |w stu166214_0003 | ||